000 00455nam a22001457a 4500
082 _a004
100 _aMurtaza, Syed
245 _aDevelopment of Image Quality Assessment Measure /
_cSyed Murtaza
260 _aIslamabad :
_bMCS - NUST,
_c2017.
300 _a40 p. ;
_c30cm.
650 _aComputer Software Engineering-MS-Thesis
_916105
700 _aDr. Abdul Ghafoor
_916207
942 _2ddc
_cTHE
999 _c540780
_d540780